书目信息 |
| 题名: |
普通动物学实验指导
|
|
| 作者: | 刘凌云 , 郑光美 主编 | |
| 分册: | ||
| 出版信息: | 北京 高等教育出版社 1979.04 |
|
| 页数: | 154页 | |
| 开本: | 26cm | |
| 丛书名: | ||
| 单 册: | ||
| 中图分类: | Q95-33 | |
| 科图分类: | ||
| 主题词: | 动物学--研究 , 动物学--实验 | |
| 电子资源: | ||
| ISBN: | 7-04-006575-4 | |
| 000 | 00688nam0 2200229 45 | |
| 001 | 0260187307 | |
| 005 | 2002061016430642 | |
| 010 | @a7-04-006575-4@dRMB 8.80 | |
| 100 | @a20020610d1979 km y0chiy0120 ea | |
| 101 | 0 | @achi |
| 102 | @aCN@b110000 | |
| 200 | 1 | @a普通动物学实验指导@Apu tong dong wu xue shi yan zhi dao@f刘凌云,郑光美主编@Fliu ling yun,zheng guang mei zhu bian |
| 205 | @a2版 | |
| 210 | @a北京@c高等教育出版社@d1979.04 | |
| 215 | @a154页@d26cm | |
| 606 | 0 | @a动物学@x研究 |
| 606 | 0 | @a动物学@x实验 |
| 690 | @aQ95-33@v3 | |
| 701 | 0 | @a刘凌云@Aliu ling yun@4主编 |
| 701 | 0 | @a郑光美@Azheng guang mei@4主编 |
| 801 | 0 | @aCN@bPFT@c20020610 |
| 905 | @a安徽大学@dQ95-33@eL640 | |
| 普通动物学实验指导/刘凌云,郑光美主编.-2版.-北京:高等教育出版社,1979.04 |
| 154页;26cm |
| ISBN 7-04-006575-4:RMB 8.80 |
| ● |
| 相关链接 |
|
|
|
正题名:普通动物学实验指导
索取号:Q95-33/L640
 
预约/预借
| 序号 | 登录号 | 条形码 | 馆藏地/架位号 | 状态 | 备注 |
| 1 | 363669 | 203636690 | 自科二线504/504自科库 37排2列3层/ [索取号:Q95-33/L640] | 在馆 | |
| 2 | 363670 | 203636707 | 自科库401/401自科库 36排3列1层/ [索取号:Q95-33/L640] | 在馆 | |
| 3 | 363671 | 203636716 | 自科二线504/504自科库 37排2列3层/ [索取号:Q95-33/L640] | 在馆 |